Top 10 Inter Milan Starting XI - Statistics

General Stats
  • This quiz has been taken 3,075 times
    915 since last reset
  • The average score is 37 of 56
Answer Stats
Team Player % Correct
2019-20, 2020-21, 2021-22, 2023-24, 2024-25 Lautaro Martínez
97%
2006-07, 2007-08, 2008-09 Zlatan Ibrahimović
97%
2023-24, 2024-25 Yann Sommer
96%
2023-24, 2024-25 Marcus Thuram
94%
2019-20, 2020-21 Romelu Lukaku
94%
2019-20, 2020-21, 2021-22 Samir Handanović
94%
2019-20, 2020-21, 2021-22, 2023-24, 2024-25 Alessandro Bastoni
93%
2021-22, 2023-24, 2024-25 Hakan Çalhanoğlu
93%
2006-07, 2007-08, 2008-09, 2009-10 Júlio César
93%
2019-20, 2020-21, 2021-22, 2023-24, 2024-25 Nicolò Barella
93%
2009-10 Samuel Eto'o
90%
2021-22 Edin Džeko
89%
2023-24, 2024-25 Henrikh Mkhitaryan
89%
1997-98, 2006-07, 2007-08, 2008-09, 2009-10 Javier Zanetti
89%
2019-20, 2020-21, 2021-22 Stefan de Vrij
89%
2019-20, 2020-21, 2021-22 Milan Škriniar
88%
2020-21, 2021-22 Ivan Perišić
87%
2009-10 Diego Milito
86%
2023-24, 2024-25 Francesco Acerbi
86%
2006-07, 2007-08, 2008-09, 2009-10 Maicon
86%
2021-22, 2024-25 Denzel Dumfries
85%
2023-24, 2024-25 Federico Dimarco
85%
2019-20, 2020-21, 2021-22 Marcelo Brozović
85%
2020-21 Achraf Hakimi
84%
2020-21 Christian Eriksen
84%
2023-24 Benjamin Pavard
81%
2009-10 Wesley Sneijder
81%
2009-10 Lúcio
80%
2007-08, 2008-09, 2009-10 Cristian Chivu
79%
2006-07, 2007-08, 2008-09, 2009-10 Esteban Cambiasso
79%
2006-07, 2007-08, 2008-09, 2009-10 Dejan Stanković
75%
2006-07, 2007-08, 2008-09 Iván Córdoba
72%
2023-24, 2024-25 Matteo Darmian
70%
2009-10 Walter Samuel
70%
1997-98 Ronaldo
68%
2006-07 Hernán Crespo
67%
2006-07 Marco Materazzi
63%
2006-07 Patrick Vieira
61%
2008-09 Sulley Muntari
47%
2007-08, 2008-09 Maxwell
41%
2019-20 Roberto Gagliardini
40%
2006-07 Fabio Grosso
36%
2008-09 Mario Balotelli
36%
2019-20 Antonio Candreva
35%
1997-98 Youri Djorkaeff
33%
2007-08 Julio Ricardo Cruz
32%
1997-98 Gianluca Pagliuca
26%
1997-98 Diego Simeone
23%
1997-98 Taribo West
23%
1997-98 Giuseppe Bergomi
22%
2007-08 Nicolás Burdisso
22%
2019-20 Cristiano Biraghi
17%
1997-98 Aron Winter
12%
1997-98 Benoît Cauet
11%
1997-98 Francesco Moriero
7%
1997-98 Luigi Sartor
5%
No matching quizzes found
Score Distribution
Percent of People with Each Score
Percentile by Number Answered
Your Score History
You have not taken this quiz since the last reset